00989nam a22002657a 4500003000500000005001700005008004100022010001000063011001000073035001100083040000900094100003400103245018300137260004000320300004200360502007100402530003600473650002400509650001300533650002200546650003700568650002500605650002900630856006400659CHAP20220817044348.0100723s2010 mx r 00010 spa d a98877 a99849 a110535 cCHAP1 aRivera Hernández, Leonardo.10aCalibración y evaluación del sensor de humedad Ech²0 usando sustrato de coco en la producción de jitomate bajo condiciones de invernaderoc/por Leonardo Rivera Hernández aChapingo, Méx. :bEl autor,c2010 avi, 89 h. :bilus., cuadros, gráfs. aTesis (Ing. en Irrigación) -- UACH. Departamento de Irrigación aTambién disponible en línea14aCocoxSubproductos.14aHumedad.14aSensores remotos.14aTomatexCultivos en invernadero.14aTomatexRendimiento.14aTomatezMéxico (Edo.). 3Finding aiduhttp://10.13.5.2/tesis/110535.pdfzTeclea aqui